[Event "Pfalz op-B 8th"]
[Site "Neustadt an der Weinstrasse"]
[Date "2017.02.25"]
[Round "2"]
[White "Lechnauer, Uwe"]
[Black "Mayer, Alexander"]
[Result "1-0"]
[WhiteElo "1841"]
[BlackElo "1709"]
[PlyCount "119"]
[EventDate "2017.02.24"]
[EventType "swiss"]
[EventRounds "7"]
[EventCountry "GER"]
[SourceTitle "CBM 177 Extra"]
[Source "ChessBase"]
[SourceDate "2017.04.27"]
[SourceVersion "1"]
[SourceVersionDate "2017.04.27"]
[SourceQuality "1"]

1. e4 e6 2. d4 d5 3. Nc3 Nc6 4. Bb5 Nf6 5. e5 Nd7 6. Nge2 f6 7. Nf4 Qe7 8. Ncxd5 exd5 9. Nxd5 Qd8 10. exf6 Nxf6 11. Qe2+ Kf7 12. Nxf6 Qxf6 13. Bc4+ Be6 14. d5 Nd4 15. dxe6+ Ke8 16. Qe4 c6 17. Be3 Nf5 18. 0-0-0 Nd6 19. Qd4 Qxd4 20. Rxd4 c5 21. Rxd6 Bxd6 22. Bb5+ Ke7 23. Bd7 h6 24. Rd1 Rhf8 25. g3 Rf3 26. Rd5 b6 27. Kd2 Raf8 28. Ke2 R8f6 29. Rd3 Rf8 30. Bg5+ hxg5 31. Rxf3 Rxf3 32. Kxf3 Be5 33. b3 Bf6 34. Ke4 Kd6 35. c4 Bd4 36. f4 gxf4 37. Kxf4 Ke7 38. g4 Kd6 39. h4 Ke7 40. Kf5 Bf6 41. g5 Bd4 42. h5 Bc3 43. Kg6 Bd4 44. h6 gxh6 45. Kxh6 Kf8 46. Kh7 Be5 47. g6 Bf6 48. Bc8 Be5 49. g7+ Bxg7 50. e7+ Kxe7 51. Kxg7 Kd6 52. Kf6 Kc7 53. Ba6 Kd6 54. Bb5 Kc7 55. Ke7 Kc8 56. Kd6 Kb7 57. Bc6+ Ka6 58. Kc7 Ka5 59. Kb7 a6 60. a4 1-0

[Event "Wuerttemberg-ch KT"]
[Site "Lauffen am Neckar"]
[Date "2011.08.27"]
[Round "1"]
[White "Mayer, Alexander"]
[Black "Fuss, Klaus"]
[Result "0-1"]
[WhiteElo "1798"]
[BlackElo "2068"]
[PlyCount "114"]
[EventDate "2011.08.26"]
[EventType "swiss"]
[EventRounds "9"]
[EventCountry "GER"]
[SourceTitle "EXT 2017"]
[Source "ChessBase"]
[SourceDate "2016.10.25"]
[SourceVersion "1"]
[SourceVersionDate "2016.10.25"]
[SourceQuality "1"]

1. c4 c5 2. Nc3 b6 3. Nf3 Bb7 4. g3 e6 5. Bg2 Nf6 6. 0-0 Be7 7. d3 d5 8. cxd5 Nxd5 9. Nxd5 Bxd5 10. Bf4 0-0 11. Re1 Nd7 12. e4 Bb7 13. Qc2 Rc8 14. Rad1 a6 15. Qe2 b5 16. d4 cxd4 17. Nxd4 Bb4 18. Bd2 Bxd2 19. Rxd2 Qe7 20. Red1 Nb6 21. b3 h6 22. Qe3 Qc7 23. Rc2 Qd7 24. Rcd2 Rb8 25. Nxe6 Qxe6 26. Rd6 Nc4 27. bxc4 Qxc4 28. Qb3 Rbc8 29. Rb6 Bxe4 30. Bxe4 Qxe4 31. Rxa6 Qe2 32. Rf1 Rc2 33. Ra7 Rb2 34. Qd5 Rd2 35. Qb3 Rd3 36. Qb4 Re8 37. Qf4 Rf3 38. Qc7 Re6 39. Qd8+ Kh7 40. Qd5 Ref6 41. Qd4 Rd3 42. Qc5 Rd2 43. Re7 Qd3 44. Re3 Qd7 45. Re7 Qd4 46. Qxd4 Rxd4 47. Rb7 Rf5 48. Rb1 Rd2 49. f4 Rc5 50. R7xb5 Rcc2 51. a4 Rg2+ 52. Kf1 Rxh2 53. Kg1 Rhg2+ 54. Kh1 Rxg3 55. R1b2 Rc1+ 56. Kh2 Rg4 57. R5b4 Rf1 0-1